| 000 | 00684nam a2200145Ia 4500 | ||
|---|---|---|---|
| 008 | 231221s9999 xx 000 0 und d | ||
| 020 | _a978-1-4020-2106-0 | ||
| 041 | _aEnglish | ||
| 100 | _aRobert Clark, David Cox, H. C. Curtiss, John W. Edwards, Kenneth C. Hall, David A. Peters, Robert Scanlan, Emil Simiu, Fernando Sisto, Thomas W. Strganac | ||
| 245 | 2 | _aA Modern Course in Aeroelasticity | |
| 260 |
_c2005 _bSpringer Netherlands _aNew York |
||
| 440 | _aSolid Mechanics and Its Applications | ||
| 650 | _aVibration, Dynamical Systems, Control; Automotive Engineering; Mechanical Engineering; Civil Engineering; Mathematical Modeling and Industrial Mathematics | ||
| 942 | _cEB | ||
| 999 |
_c225995 _d225995 |
||